| 000 | 00491nam a22001691 4500 | ||
|---|---|---|---|
| 082 | 0 | 0 |
_a355.02 _bMON _cL-30-II P-117 |
| 100 | 1 |
_aMontross, Lynn, _948734 |
|
| 245 | 1 | 0 | _aWar through the ages. |
| 250 | _aRev. and enl. 3d ed. | ||
| 260 |
_aNew York, _bHarper _c[1960] |
||
| 300 |
_a1063 p. _billus. _c22 cm. |
||
| 526 |
_a0 _b0 _c0 _d355_020000000000000_MON |
||
| 650 | 0 |
_aMCE _9379 |
|
| 650 | 0 |
_aMilitary art and science _xHistory. _91734 |
|
| 650 | 0 |
_aMilitary history. _91735 |
|
| 942 |
_2ddc _cBK |
||
| 999 |
_c551584 _d551584 |
||